[Event "8. Open Vila de Salou"]
[Site "Salou ESP"]
[Date "2006.06.14"]
[Round "8.12"]
[White "Kekki, Petri"]
[Black "Hutchinson, Paul A"]
[Result "1-0"]
[WhiteElo "2365"]
[BlackElo "2178"]
[PlyCount "105"]
[EventDate "2006.06.07"]
[EventType "swiss"]
[EventRounds "9"]
[EventCountry "ESP"]
[Source "lmi"]
[SourceDate "2006.06.16"]

1. d4 d5 2. Nf3 Nf6 3. c4 c6 4. e3 a6 5. Qc2 Bg4 6. Ne5 Bh5 7. cxd5 cxd5 8. Nc3
e6 9. Bd2 Nbd7 10. Rc1 Nxe5 11. dxe5 Nd7 12. Qa4 Be7 13. Be2 Bxe2 14. Nxe2 O-O
15. Ba5 b6 16. Bc3 Nc5 17. Qd1 Ne4 18. O-O Nxc3 19. Rxc3 Bc5 20. Nd4 Qg5 21.
Nf3 Qh5 22. Qb1 a5 23. Rd1 g5 24. h3 g4 25. hxg4 Qxg4 26. Nh2 Qh4 27. Qc2 f5
28. Nf3 Qh6 29. Nd4 Ra7 30. g3 Rg7 31. Kg2 f4 32. exf4 Rxf4 33. Rxc5 bxc5 34.
Qxc5 Rf8 35. Qd6 Re8 36. Nf5 Qg6 37. Nxg7 Kxg7 38. Rd4 Rf8 39. Qc7+ Rf7 40.
Qxa5 Qf5 41. Rf4 Qxe5 42. Qc3 Qxc3 43. Rxf7+ Kxf7 44. bxc3 Ke7 45. Kf3 Kd6 46.
Kf4 e5+ 47. Kf5 e4 48. a4 Kc5 49. Ke5 Kc4 50. a5 Kb5 51. Kxd5 Kxa5 52. Kxe4 Kb5
53. Kd5 1-0

[Event "8. Open Vila de Salou"]
[Site "Salou ESP"]
[Date "2006.06.14"]
[Round "8.13"]
[White "Asis Gargatagli, Hipolit"]
[Black "Vila Gazquez, Xavier"]
[Result "0-1"]
[WhiteElo "2361"]
[BlackElo "2325"]
[PlyCount "46"]
[EventDate "2006.06.07"]
[EventType "swiss"]
[EventRounds "9"]
[EventCountry "ESP"]
[Source "lmi"]
[SourceDate "2006.06.16"]

1. e4 c5 2. Nf3 e6 3. c3 Nf6 4. e5 Nd5 5. g3 d6 6. exd6 Bxd6 7. Bg2 O-O 8. O-O
Nd7 9. d4 cxd4 10. Qxd4 Bc5 11. Qd3 a5 12. c4 Nb4 13. Qe2 e5 14. Re1 Re8 15.
Ng5 h6 16. Ne4 Nc6 17. Be3 Nd4 18. Qd2 Bb4 19. Nbc3 f5 20. f4 fxe4 21. fxe5 Ne6
22. Bxe4 Qe7 23. Rf1 Nxe5 0-1

[Event "8. Open Vila de Salou"]
[Site "Salou ESP"]
[Date "2006.06.14"]
[Round "8.14"]
[White "Capo Vidal, Uriel"]
[Black "Miceli, Gaetan"]
[Result "1-0"]
[WhiteElo "2357"]
[BlackElo "2047"]
[PlyCount "33"]
[EventDate "2006.06.07"]
[EventType "swiss"]
[EventRounds "9"]
[EventCountry "ESP"]
[Source "lmi"]
[SourceDate "2006.06.16"]

1. d4 Nf6 2. c4 g6 3. Nc3 Bg7 4. e4 d6 5. f4 O-O 6. Nf3 Na6 7. Be2 e5 8. fxe5
dxe5 9. d5 c6 10. O-O cxd5 11. cxd5 Ne8 12. Qb3 h6 13. Be3 Nd6 14. Qa3 f5 15.
Bxa6 fxe4 16. Nd2 Rxf1+ 17. Bxf1 1-0

[Event "8. Open Vila de Salou"]
[Site "Salou ESP"]
[Date "2006.06.14"]
[Round "8.15"]
[White "Garcia Castro, Pablo"]
[Black "Hutchinson, Norman"]
[Result "1-0"]
[WhiteElo "2309"]
[BlackElo "2107"]
[PlyCount "31"]
[EventDate "2006.06.07"]
[EventType "swiss"]
[EventRounds "9"]
[EventCountry "ESP"]
[Source "lmi"]
[SourceDate "2006.06.16"]

1. Nf3 Nf6 2. g3 d5 3. Bg2 e6 4. O-O Be7 5. d3 c5 6. Nbd2 O-O 7. e4 Nc6 8. Re1
dxe4 9. dxe4 e5 10. c3 b5 11. a4 b4 12. Qc2 Ba6 13. Bf1 Qc8 14. Nc4 Nd7 15. Rd1
Bf6 16. Nd6 1-0

[Event "8. Open Vila de Salou"]
[Site "Salou ESP"]
[Date "2006.06.14"]
[Round "8.16"]
[White "Tscharotschkin, Michael"]
[Black "Valls Marti, Artur"]
[Result "1/2-1/2"]
[WhiteElo "2244"]
[BlackElo "2138"]
[PlyCount "61"]
[EventDate "2006.06.07"]
[EventType "swiss"]
[EventRounds "9"]
[EventCountry "ESP"]
[Source "lmi"]
[SourceDate "2006.06.16"]

1. e4 c6 2. d4 d5 3. exd5 cxd5 4. c4 g6 5. Nc3 Nf6 6. cxd5 Bg7 7. Bb5+ Nbd7 8.
d6 exd6 9. Qe2+ Qe7 10. Qxe7+ Kxe7 11. Nf3 a6 12. Bc4 Nb6 13. Bb3 Bg4 14. Ke2
Rhe8 15. Be3 Rac8 16. h3 Be6 17. Bxe6 fxe6 18. Rhc1 Nfd5 19. Nxd5+ Nxd5 20.
Rxc8 Rxc8 21. Rc1 Rxc1 22. Bxc1 e5 23. dxe5 dxe5 24. g3 e4 25. Nd2 Nb4 26. Nxe4
Nxa2 27. Bg5+ Ke6 28. b3 Nc3+ 29. Kd3 Nxe4 30. Kxe4 Bc3 31. g4 1/2-1/2

[Event "8. Open Vila de Salou"]
[Site "Salou ESP"]
[Date "2006.06.14"]
[Round "8.17"]
[White "Ruprich, Udo"]
[Black "Ibarra Chami, Luis"]
[Result "1-0"]
[WhiteElo "2021"]
[BlackElo "2197"]
[PlyCount "63"]
[EventDate "2006.06.07"]
[EventType "swiss"]
[EventRounds "9"]
[EventCountry "ESP"]
[Source "lmi"]
[SourceDate "2006.06.16"]

1. e4 e6 2. d4 d5 3. Nd2 Nf6 4. e5 Ne4 5. Bd3 Nxd2 6. Bxd2 c5 7. c3 Qb6 8. Qb3
c4 9. Qxb6 axb6 10. Bc2 b5 11. Ne2 Nc6 12. O-O b4 13. f4 bxc3 14. bxc3 Ba3 15.
Rae1 O-O 16. g4 b5 17. f5 exf5 18. gxf5 f6 19. e6 Bb2 20. Bb1 b4 21. Rf3 bxc3
22. Nxc3 Nxd4 23. Rg3 Bb7 24. Kf2 Kh8 25. Reg1 Rg8 26. Ke3 Nc6 27. Ke2 d4 28.
Ne4 d3+ 29. Kd1 Nd4 30. Nd6 Bf3+ 31. Rxf3 Nxf3 32. Nf7# 1-0

[Event "8. Open Vila de Salou"]
[Site "Salou ESP"]
[Date "2006.06.14"]
[Round "8.18"]
[White "Schuelke, Tilman"]
[Black "Jorge Bort, Emilio"]
[Result "0-1"]
[WhiteElo "1959"]
[BlackElo "2197"]
[PlyCount "96"]
[EventDate "2006.06.07"]
[EventType "swiss"]
[EventRounds "9"]
[EventCountry "ESP"]
[Source "lmi"]
[SourceDate "2006.06.16"]

1. g3 f5 2. d4 Nf6 3. Bg2 g6 4. c4 Bg7 5. Nc3 O-O 6. Nf3 d6 7. d5 Nbd7 8. Nd4
Nc5 9. Rb1 e5 10. dxe6 c6 11. O-O Nxe6 12. Nxe6 Bxe6 13. b3 Qd7 14. Qd3 Rfd8
15. Be3 d5 16. cxd5 Nxd5 17. Nxd5 Bxd5 18. Rfd1 Qc7 19. Qc2 Bxg2 20. Kxg2 a6
21. Bg5 Rxd1 22. Rxd1 Rf8 23. Qc4+ Qf7 24. Qb4 h6 25. Bf4 g5 26. Bd6 Rd8 27.
Rd3 Qe6 28. Qd2 Rd7 29. a4 Kh7 30. Kg1 Kg6 31. h3 h5 32. Bc7 Rxd3 33. Qxd3 g4
34. h4 Bf6 35. Bf4 Qe4 36. Qd1 Bxh4 37. Kh2 Bf6 38. Be3 h4 39. Bf4 Qd4 40. Qe1
hxg3+ 41. fxg3 b5 42. axb5 axb5 43. b4 Be7 44. Bd2 c5 45. bxc5 Bxc5 46. e3 Qd3
47. Kg2 b4 48. Bxb4 Qe4+ 0-1

[Event "8. Open Vila de Salou"]
[Site "Salou ESP"]
[Date "2006.06.14"]
[Round "8.19"]
[White "Reves Balleste, Jose"]
[Black "Moro Adame, Antonio"]
[Result "1-0"]
[WhiteElo "1975"]
[BlackElo "2153"]
[PlyCount "89"]
[EventDate "2006.06.07"]
[EventType "swiss"]
[EventRounds "9"]
[EventCountry "ESP"]
[Source "lmi"]
[SourceDate "2006.06.16"]

1. e4 Nf6 2. d3 e5 3. c4 Bc5 4. Be2 d6 5. Nc3 a5 6. Bg5 h6 7. Bh4 g5 8. Bg3 h5
9. h4 g4 10. Qd2 Rg8 11. Bd1 Nc6 12. Ba4 Bd7 13. Nge2 Nd4 14. Bxd7+ Qxd7 15.
Rb1 Nxe2 16. Qxe2 c6 17. a3 b5 18. O-O b4 19. Na4 Bd4 20. axb4 axb4 21. b3 Qe7
22. Qd2 Rb8 23. Rbc1 c5 24. Qh6 Kd7 25. Qd2 Kc6 26. Rc2 Ra8 27. Ra2 Nd7 28. Rc2
Nf8 29. Rb1 Ng6 30. Nb2 Nxh4 31. Nd1 Ng6 32. Ne3 Bxe3 33. fxe3 h4 34. Be1 g3
35. Ra2 Qg5 36. Rba1 Rxa2 37. Qxa2 Qxe3+ 38. Kh1 Kd7 39. Bd2 Qxd3 40. Bg5 Qxe4
41. Qa7+ Ke6 42. Rf1 Nf4 43. Qe7+ Kf5 44. Bxf4 Kg6 45. Bxe5 1-0

[Event "8. Open Vila de Salou"]
[Site "Salou ESP"]
[Date "2006.06.14"]
[Round "8.20"]
[White "Yastrebova, Tatiana"]
[Black "Vila Cairo, Gerard"]
[Result "1/2-1/2"]
[WhiteElo "2056"]
[BlackElo "1998"]
[PlyCount "66"]
[EventDate "2006.06.07"]
[EventType "swiss"]
[EventRounds "9"]
[EventCountry "ESP"]
[Source "lmi"]
[SourceDate "2006.06.16"]

1. d4 Nf6 2. c4 c5 3. Nf3 cxd4 4. Nxd4 Nc6 5. Nc3 g6 6. e4 d6 7. Be3 Bg7 8. Be2
Rb8 9. O-O a6 10. f3 O-O 11. Qd2 Bd7 12. Rfd1 b5 13. cxb5 Nxd4 14. Bxd4 axb5
15. e5 Ne8 16. exd6 Bxd4+ 17. Qxd4 Nxd6 18. Nd5 Re8 19. Bf1 Nf5 20. Qe5 f6 21.
Qc7 Qxc7 22. Nxc7 Red8 23. Nxb5 Ne3 24. a4 Nxd1 25. Rxd1 Be8 26. Rc1 Rbc8 27.
Re1 e5 28. Nc3 Kg7 29. a5 Rb8 30. Rb1 Rdc8 31. a6 Rxc3 32. a7 Rcb3 33. axb8=Q
Rxb8 1/2-1/2

[Event "8. Open Vila de Salou"]
[Site "Salou ESP"]
[Date "2006.06.15"]
[Round "9.1"]
[White "Spraggett, Kevin"]
[Black "Pogorelov, Ruslan"]
[Result "1/2-1/2"]
[WhiteElo "2578"]
[BlackElo "2385"]
[PlyCount "29"]
[EventDate "2006.06.07"]
[EventType "swiss"]
[EventRounds "9"]
[EventCountry "ESP"]
[Source "lmi"]
[SourceDate "2006.06.16"]

1. e4 c5 2. Nf3 d6 3. d4 cxd4 4. Nxd4 Nf6 5. Nc3 a6 6. Bg5 e6 7. f4 Be7 8. Qf3
Nbd7 9. O-O-O Qc7 10. g4 h6 11. Bxf6 Bxf6 12. h4 Qb6 13. Nde2 Nc5 14. g5 Be7
15. g6 1/2-1/2

[Event "8. Open Vila de Salou"]
[Site "Salou ESP"]
[Date "2006.06.15"]
[Round "9.4"]
[White "Lopez Martinez, Josep M"]
[Black "Alsina Leal, Daniel"]
[Result "1-0"]
[WhiteElo "2481"]
[BlackElo "2441"]
[PlyCount "135"]
[EventDate "2006.06.07"]
[EventType "swiss"]
[EventRounds "9"]
[EventCountry "ESP"]
[Source "lmi"]
[SourceDate "2006.06.16"]

1. e4 c5 2. Nf3 Nc6 3. d4 cxd4 4. Nxd4 Nf6 5. Nc3 e5 6. Ndb5 d6 7. Bg5 a6 8.
Na3 b5 9. Nd5 Be7 10. Bxf6 Bxf6 11. c3 O-O 12. Nc2 Bg5 13. h4 Bh6 14. g4 Bf4
15. Qf3 Re8 16. Bg2 Bb7 17. Nxf4 exf4 18. Qxf4 Ne5 19. O-O-O a5 20. Qg3 b4 21.
f4 Nc4 22. b3 Na3 23. Nxa3 bxa3 24. Rd4 Qe7 25. Kd2 Rac8 26. Re1 Rc5 27. Re3
Qc7 28. g5 Qb6 29. Red3 Qc7 30. Re3 Qb6 31. Bh3 Ba6 32. Re1 g6 33. Qe3 Qc7 34.
Rc1 Re7 35. Bg4 Re8 36. h5 Qe7 37. hxg6 fxg6 38. Rh1 Bb7 39. Re1 Qf8 40. Kc2
Rc7 41. Be2 Kh8 42. Bb5 Rec8 43. Rc4 Qg7 44. Qd4 Qxd4 45. cxd4 d5 46. exd5 Bxd5
47. Rxc7 Rxc7+ 48. Kd3 Kg7 49. Bc4 Bg2 50. d5 Bh3 51. d6 Rc6 52. Re7+ Kf8 53.
Rf7+ Ke8 54. d7+ Kd8 55. Rxh7 Rd6+ 56. Ke3 Bxd7 57. Rh8+ Kc7 58. Ra8 a4 59.
bxa4 Bf5 60. Rf8 Rc6 61. Rf7+ Kb8 62. Bd5 Ra6 63. Rxf5 gxf5 64. Bf7 Rc6 65. g6
Rc3+ 66. Kd4 Rg3 67. Ke5 Kc7 68. Kf6 1-0

[Event "8. Open Vila de Salou"]
[Site "Salou ESP"]
[Date "2006.06.15"]
[Round "9.5"]
[White "Moskalenko, Viktor"]
[Black "Korneev, Oleg"]
[Result "0-1"]
[WhiteElo "2540"]
[BlackElo "2671"]
[PlyCount "104"]
[EventDate "2006.06.07"]
[EventType "swiss"]
[EventRounds "9"]
[EventCountry "ESP"]
[Source "lmi"]
[SourceDate "2006.06.16"]

1. d4 d5 2. c4 e6 3. Nf3 Nf6 4. cxd5 exd5 5. Nc3 g6 6. Bg5 Be7 7. e3 c6 8. Qc2
Bf5 9. Bd3 Bxd3 10. Qxd3 Nbd7 11. Bh6 Ng4 12. Bf4 O-O 13. h3 Ngf6 14. Bh2 Ne8
15. O-O Bd6 16. Bxd6 Nxd6 17. b4 a6 18. a4 Nb6 19. Nd2 Re8 20. Nb3 Nbc4 21. b5
axb5 22. axb5 Nxb5 23. Nxb5 cxb5 24. Rxa8 Qxa8 25. Ra1 Qd8 26. Qc3 Qe7 27. Nc5
Rc8 28. Qb3 b6 29. Nd3 Qd7 30. Nf4 Kg7 31. h4 h6 32. Qb4 g5 33. hxg5 hxg5 34.
Nh5+ Kg6 35. Ng3 f5 36. Qb1 Rh8 37. Qd3 Kf6 38. f3 Qh7 39. e4 f4 40. e5+ Ke6
41. Qxh7 Rxh7 42. Ne2 b4 43. Rb1 Ra7 44. Rxb4 Ra1+ 45. Kh2 Rd1 46. Kh3 Rd2 47.
Nc3 Rxd4 48. Na4 Rd1 49. Kg4 Rd2 50. Kxg5 Kxe5 51. Nxb6 Rxg2+ 52. Kh4 Kf5 0-1

[Event "8. Open Vila de Salou"]
[Site "Salou ESP"]
[Date "2006.06.15"]
[Round "9.6"]
[White "Narciso Dublan, Marc"]
[Black "Aloma Vidal, Robert"]
[Result "1-0"]
[WhiteElo "2510"]
[BlackElo "2352"]
[PlyCount "67"]
[EventDate "2006.06.07"]
[EventType "swiss"]
[EventRounds "9"]
[EventCountry "ESP"]
[Source "lmi"]
[SourceDate "2006.06.16"]

1. d4 Nf6 2. g3 e6 3. Nf3 b5 4. Bg2 Bb7 5. O-O c5 6. c3 a5 7. Bg5 h6 8. Bxf6
Qxf6 9. Na3 Bc6 10. c4 b4 11. Nb5 Na6 12. Ne5 Bxg2 13. Kxg2 Qf5 14. f3 f6 15.
e4 Qh7 16. Nd3 cxd4 17. Nxd4 Bd6 18. Qa4 Ke7 19. Rfd1 h5 20. Nb5 Bb8 21. Qxa5
f5 22. e5 h4 23. Qb6 hxg3 24. h4 Qxh4 25. Rh1 Qg5 26. Rxh8 Qd2+ 27. Nf2 Bxe5
28. Rxa8 gxf2 29. Qxf2 Qg5+ 30. Kf1 Bg3 31. Qg2 Nc5 32. Rd1 Qf4 33. Nd4 g5 34.
Ne2 1-0

[Event "8. Open Vila de Salou"]
[Site "Salou ESP"]
[Date "2006.06.15"]
[Round "9.7"]
[White "Edouard, Romain"]
[Black "Benitah, Yohan"]
[Result "1/2-1/2"]
[WhiteElo "2363"]
[BlackElo "2417"]
[PlyCount "28"]
[EventDate "2006.06.07"]
[EventType "swiss"]
[EventRounds "9"]
[EventCountry "ESP"]
[Source "lmi"]
[SourceDate "2006.06.16"]

1. e4 e6 2. d4 d5 3. exd5 exd5 4. Bf4 Bf5 5. Bd3 Bxd3 6. Qxd3 Bd6 7. Bxd6 Qxd6
8. Nf3 Nf6 9. O-O O-O 10. Nbd2 Nbd7 11. Rfe1 Rae8 12. c3 c6 13. Rxe8 Rxe8 14.
Re1 Rxe1+ 1/2-1/2

[Event "8. Open Vila de Salou"]
[Site "Salou ESP"]
[Date "2006.06.15"]
[Round "9.8"]
[White "Capo Vidal, Uriel"]
[Black "Lacasa Diaz, Josep A"]
[Result "1-0"]
[WhiteElo "2357"]
[BlackElo "2411"]
[PlyCount "113"]
[EventDate "2006.06.07"]
[EventType "swiss"]
[EventRounds "9"]
[EventCountry "ESP"]
[Source "lmi"]
[SourceDate "2006.06.16"]

1. d4 Nf6 2. c4 e6 3. Nf3 d5 4. Nc3 dxc4 5. e3 a6 6. a4 b6 7. Bxc4 Bb7 8. O-O
Nbd7 9. Qe2 c5 10. Rd1 Qb8 11. d5 exd5 12. Nxd5 Nxd5 13. Bxd5 Bxd5 14. Rxd5 Nf6
15. e4 Be7 16. Rd3 Qb7 17. Bg5 h6 18. Bxf6 Bxf6 19. e5 Be7 20. e6 Bf6 21. Rad1
O-O 22. Rd7 Qc6 23. R1d6 Qxa4 24. Rxb6 fxe6 25. Qxe6+ Kh8 26. g3 Rac8 27. Qf5
Bg5 28. Rf7 Rxf7 29. Qxf7 Bc1 30. Rb7 Rg8 31. Nh4 Qe4 32. Ng6+ Kh7 33. Nf8+ Kh8
34. Ng6+ Kh7 35. Nf8+ Kh8 36. Re7 Qc2 37. Ng6+ Kh7 38. Nf8+ Kh8 39. Re8 Bxb2
40. Ng6+ Kh7 41. Qxg8+ Kxg6 42. Qe6+ Bf6 43. Qxa6 c4 44. Qc6 c3 45. Qe4+ Qxe4
46. Rxe4 Kf5 47. f3 h5 48. Kf1 g5 49. Ke2 g4 50. Rf4+ Kg5 51. fxg4 hxg4 52. Kd3
Be5 53. Ra4 Kf5 54. Ra5 Ke6 55. Ke4 Bd6 56. Ra6 Kd7 57. Kd5 1-0

[Event "8. Open Vila de Salou"]
[Site "Salou ESP"]
[Date "2006.06.15"]
[Round "9.10"]
[White "Vehi Bach, Victor M"]
[Black "Kekki, Petri"]
[Result "0-1"]
[WhiteElo "2335"]
[BlackElo "2365"]
[PlyCount "56"]
[EventDate "2006.06.07"]
[EventType "swiss"]
[EventRounds "9"]
[EventCountry "ESP"]
[Source "lmi"]
[SourceDate "2006.06.16"]

1. e4 e6 2. d4 d5 3. Nc3 Bb4 4. e5 Ne7 5. a3 Bxc3+ 6. bxc3 c5 7. Qg4 Qc7 8.
Qxg7 Rg8 9. Qxh7 cxd4 10. Ne2 dxc3 11. f4 b6 12. Ng3 Qc5 13. Rb1 Ba6 14. Bxa6
Nxa6 15. Qd3 Qa5 16. O-O Nc5 17. Qh7 O-O-O 18. Qxf7 Nc6 19. Qh5 Qa4 20. Qd1 Rd7
21. f5 exf5 22. Rf4 d4 23. Nxf5 Nxe5 24. Rb4 Qc6 25. Qf1 d3 26. Nd4 Qd5 27. Be3
d2 28. h3 Rxg2+ 0-1

[Event "8. Open Vila de Salou"]
[Site "Salou ESP"]
[Date "2006.06.15"]
[Round "9.11"]
[White "Kononenko, Tatiana"]
[Black "Peric, Slavisa"]
[Result "1-0"]
[WhiteElo "2383"]
[BlackElo "2288"]
[PlyCount "93"]
[EventDate "2006.06.07"]
[EventType "swiss"]
[EventRounds "9"]
[EventCountry "ESP"]
[Source "lmi"]
[SourceDate "2006.06.16"]

1. d4 d5 2. c4 c6 3. Nf3 Nf6 4. e3 Bf5 5. Nc3 e6 6. Nh4 Bg6 7. Nxg6 hxg6 8. Bd2
Nbd7 9. b3 Bd6 10. g3 Qe7 11. Bg2 a6 12. O-O O-O 13. c5 Bc7 14. f4 Ba5 15. Nb1
Bxd2 16. Nxd2 b5 17. g4 Nh7 18. Nf3 g5 19. h4 f6 20. hxg5 fxg5 21. Ne5 Nxe5 22.
fxe5 Rxf1+ 23. Bxf1 Qf7 24. Bd3 Nf8 25. Qe2 Ng6 26. Rf1 Qe8 27. Bc2 Ra7 28. Qd3
Nf8 29. Kg2 Qd8 30. a3 Qa5 31. b4 Qd8 32. a4 bxa4 33. Bxa4 Qe8 34. Kg3 Qc8 35.
Bc2 Qb8 36. Qd2 Rb7 37. Ra1 Ra7 38. Bd3 Qb7 39. Ra4 Nd7 40. Qh2 Nf8 41. Qe2 a5
42. bxa5 g6 43. Ra1 Qa8 44. a6 Rh7 45. Rf1 Qa7 46. Qf3 Qg7 47. a7 1-0

[Event "8. Open Vila de Salou"]
[Site "Salou ESP"]
[Date "2006.06.15"]
[Round "9.12"]
[White "Tania, Sachdev"]
[Black "Ruprich, Udo"]
[Result "1-0"]
[WhiteElo "2375"]
[BlackElo "2021"]
[PlyCount "85"]
[EventDate "2006.06.07"]
[EventType "swiss"]
[EventRounds "9"]
[EventCountry "ESP"]
[Source "lmi"]
[SourceDate "2006.06.16"]

1. d4 Nf6 2. c4 g6 3. Nf3 Bg7 4. g3 O-O 5. Bg2 d6 6. O-O c5 7. Nc3 Nc6 8. d5
Na5 9. Nd2 Bd7 10. a3 Qc8 11. Qc2 b6 12. Re1 Rb8 13. b3 a6 14. a4 Bh3 15. Bh1
e5 16. dxe6 fxe6 17. Bb2 Qd7 18. Rad1 Nc6 19. Nf3 Nd4 20. Nxd4 cxd4 21. Rxd4
Ng4 22. Rf4 Rxf4 23. gxf4 e5 24. Bd5+ Kh8 25. Qd3 Nh6 26. Ne4 Bf5 27. fxe5 dxe5
28. Qg3 Qe7 29. Ng5 Rf8 30. Nf3 e4 31. Bxg7+ Qxg7 32. Ng5 Qe7 33. Qc3+ Rf6 34.
Bxe4 Ng4 35. Bf3 Ne5 36. Bg2 h6 37. Nf3 Nf7 38. e4 Bg4 39. e5 Rxf3 40. Bxf3 Be6
41. Bd5 Qg5+ 42. Qg3 Qd2 43. Qe3 1-0

[Event "8. Open Vila de Salou"]
[Site "Salou ESP"]
[Date "2006.06.15"]
[Round "9.15"]
[White "Hoenick, Andreas"]
[Black "Reves Balleste, Jose"]
[Result "1-0"]
[WhiteElo "2168"]
[BlackElo "1975"]
[PlyCount "83"]
[EventDate "2006.06.07"]
[EventType "swiss"]
[EventRounds "9"]
[EventCountry "ESP"]
[Source "lmi"]
[SourceDate "2006.06.16"]

1. c4 Nf6 2. g3 d6 3. Bg2 g6 4. Nc3 Bg7 5. d3 c6 6. Bg5 Na6 7. Rb1 Qa5 8. Bd2
Qc7 9. b4 Bd7 10. Nf3 Qc8 11. h3 Nc7 12. g4 e6 13. g5 Nh5 14. Ne4 Bf8 15. Bc3
Rg8 16. Nh2 d5 17. Nf6+ Nxf6 18. Bxf6 Na6 19. Ng4 Bxb4+ 20. Rxb4 Nxb4 21. Qd2
a5 22. a3 Na6 23. Qf4 e5 24. Qxe5+ Be6 25. Bg7 Qc7 26. Nf6+ Ke7 27. Nxg8+ Rxg8
28. Bf6+ Kd7 29. Qd4 Kc8 30. Be5 c5 31. Qb2 Qc6 32. O-O Rd8 33. Rb1 Nc7 34. Rc1
b6 35. d4 Kd7 36. dxc5 bxc5 37. Qd2 Ke8 38. Qxa5 Na6 39. Rb1 Ra8 40. Rb6 Qc8
41. cxd5 Nc7 42. Qxc5 1-0

[Event "8. Open Vila de Salou"]
[Site "Salou ESP"]
[Date "2006.06.15"]
[Round "9.17"]
[White "Marco Molina, Rafael"]
[Black "Tscharotschkin, Michael"]
[Result "0-1"]
[WhiteElo "2017"]
[BlackElo "2244"]
[PlyCount "52"]
[EventDate "2006.06.07"]
[EventType "swiss"]
[EventRounds "9"]
[EventCountry "ESP"]
[Source "lmi"]
[SourceDate "2006.06.16"]

1. d4 d5 2. Nf3 Bf5 3. Bf4 e6 4. e3 c6 5. Nbd2 Be7 6. Be2 Nd7 7. O-O g5 8. Bg3
h5 9. h3 g4 10. hxg4 hxg4 11. Ne5 Nxe5 12. Bxe5 Bf6 13. Bg3 Bg7 14. Bxg4 Qg5
15. Bxf5 Qxf5 16. Re1 Nf6 17. c4 Ng4 18. f3 Nxe3 19. Rxe3 Bxd4 20. Bf2 Bxe3 21.
Bxe3 Qe5 22. Kf2 d4 23. Qe2 dxe3+ 24. Qxe3 Qxb2 25. Rb1 Qxa2 26. Rxb7 O-O-O 0-1

[Event "8. Open Vila de Salou"]
[Site "Salou ESP"]
[Date "2006.06.15"]
[Round "9.19"]
[White "Valls Marti, Artur"]
[Black "Yastrebova, Tatiana"]
[Result "0-1"]
[WhiteElo "2138"]
[BlackElo "2056"]
[PlyCount "148"]
[EventDate "2006.06.07"]
[EventType "swiss"]
[EventRounds "9"]
[EventCountry "ESP"]
[Source "lmi"]
[SourceDate "2006.06.16"]

1. f4 Nf6 2. Nf3 e6 3. e3 d6 4. b3 Be7 5. Be2 O-O 6. Bb2 Nbd7 7. O-O c6 8. a4
Qc7 9. d4 Re8 10. Qe1 Nf8 11. Nbd2 Bd7 12. c4 Rad8 13. h3 Bc8 14. e4 d5 15. e5
Ne4 16. Nxe4 dxe4 17. Nd2 Bb4 18. Qc1 c5 19. Nxe4 cxd4 20. Bd3 b6 21. Ba3 Bxa3
22. Qxa3 Nd7 23. b4 Rf8 24. a5 f6 25. axb6 axb6 26. Qa7 Qxa7 27. Rxa7 h6 28.
Nd6 Nb8 29. exf6 Rxf6 30. Rc7 Rxd6 31. Rxc8+ Rf8 32. Rxf8+ Kxf8 33. Kf2 Nc6 34.
b5 Nb8 35. Ra1 Ke7 36. Ke2 Nd7 37. Ra7 Kf6 38. Rc7 Nc5 39. h4 Nd7 40. g4 e5 41.
g5+ hxg5 42. hxg5+ Ke6 43. f5+ Ke7 44. Be4 Kd8 45. Ra7 Nc5 46. Bd5 Rd7 47. Ra8+
Ke7 48. Rg8 Kd6 49. f6 gxf6 50. gxf6 Ne6 51. Bf3 Rf7 52. Rb8 Kc5 53. Rc8+ Kb4
54. Bg4 Rxf6 55. Rc6 Nf4+ 56. Kd2 Rf8 57. Rxb6 Rh8 58. Bf3 Rh2+ 59. Kd1 Kxc4
60. Rb8 Kd3 61. Ra8 Ke3 62. Bc6 Rd2+ 63. Kc1 Ne2+ 64. Kb1 Nc3+ 65. Ka1 Rd1+ 66.
Kb2 Kd2 67. Re8 Rb1+ 68. Ka3 Kc2 69. Bd5 Nxd5 70. Rh8 d3 71. b6 Nc3 72. Rh2+ d2
73. Rxd2+ Kxd2 74. b7 Nd5 0-1